000 01130cam a2200205 4500
001 ##L134197
008 060717n2006 000 0 eng u
035 _a(Sirsi) u134197
041 0 _aeng
050 0 4 _a693.82 $2 18
110 2 _aBuncefield Major Incident Investigation Board
_94982
245 0 0 _aBuncefield major incident investigation
_binitial report to the Health and Safety Commission and the Environment Agency of the investigation into the explosions and fires at the Buncefield oil storage and transfer depot, Hemel Hempstead, on 11 December 2005
260 _aLondon
_bHSE
_c2006
520 _aSets outs the sequence of events leading to the incident on 11 December 2005. Summarises the incident and subsequent investigation and raises issues of concern from the investigation to date. Annexes, glossary and further information.
590 _aIKA180706
651 4 _aHEMEL HEMPSTEAD
690 _aMANAGEMENT-HEALTH AND SAFETY-FIRE SAFETY
856 4 0 _uhttps://www.buncefieldinvestigation.gov.uk/reports/index.htm
_zView the initial report free of charge at www.buncefieldinvestigation.gov.uk...
942 _n0
999 _c105592
_d105592